000 00313nam a22001457a 4500
003 SGT
082 _a617.473
_bM13C
100 _aCHAITOW, LEON
245 _aMUSCLE ENERGY TECHNIQUES
250 _a4TH
260 _aEDINBURGH
_bCHURCHILL
_c2013
300 _a319
650 _aPATHOLOGY
942 _2ddc
_cBK
_011
999 _c10514
_d10514